Les prénoms des champions olympiques français 1964-2022 - Statistiques

Statistiques générales
  • Ce quiz a été pris 48 fois
  • Le résultat moyen est 165 sur 307
Statistiques - réponses
Année Discipline Prénom et nom % Correct
1996 Athlétisme {Jean} Galfione
98%
2020 Volleyball {Jean} Patry
98%
2020 Tir {Jean} Quiquampoix
98%
2004 Equitation - concours complet {Jean} Teulères
98%
1998 Ski alpin {Jean-Luc} Crétier
96%
2014 Biathlon {Martin} Fourcade (2 titres)
96%
2018 Biathlon {Martin} Fourcade (3 titres)
96%
2008 | 2012 | 2020 Handball {Luc} Abalo
93%
1988 Voile {Luc} Pillot
93%
2018 Biathlon {Marie} Dorin-Habert
93%
2012 | 2016 | 2020 Judo {Teddy} Riner
91%
2020 Handball {Laure} Flippes
89%
2004 Natation {Laure} Manaudou
89%
1996 Tir {Jean-Pierre} Amat
87%
2002 Ski alpin {Jean-Pierre} Vidal
87%
2008 | 2012 Natation {Alain} Bernard
84%
2012 Natation {Camille} Muffat
84%
1996 | 2000 Judo {David} Douillet
84%
1992 | 1996 Athlétisme {Marie-José} Pérec
84%
1988 Equitation - Saut d'obstacle {Pierre} Durand
84%
2016 Aviron {Pierre} Houin
84%
1964 Equitation - Saut d'obstacle {Pierre} Jonquères d'Oriola
84%
1984 Athlétisme {Pierre} Quinon
84%
1968 Cyclisme - Piste {Pierre} Trentin (2 titres)
84%
2014 | 2018 Snowboard {Pierre} Vaultier
84%
2008 | 2012 Handball {Thierry} Omeyer
84%
1988 Voile {Thierry} Péponnet
84%
1980 Judo {Thierry} Rey
84%
2000 | 2004 | 2012 Canoë-kayak {Tony} Estanguet
84%
2016 Boxe {Tony} Yoka
84%
2016 Equitation - concours complet {Nicolas} Astier
82%
1988 | 1992 Voile {Nicolas} Hénard
82%
2008 Escrime - Sabre {Nicolas} Lopez
82%
2020 Handball {Nicolas} Tournat
82%
2004 Equitation - concours complet {Nicolas} Touzaint
82%
1968 Ski alpin {Jean-Claude} Killy (3 titres)
80%
1984 Football {Jean-Claude} Lemoult
80%
1968 Escrime - Fleuret {Jean-Claude} Magnan
80%
2012 Cyclisme - VTT {Julie} Bresset
80%
2004 | 2008 Cyclisme - VTT {Julien} Absalon
80%
2020 Escrime - Fleuret {Julien} Mertine
80%
2004 | 2008 Escrime - Sabre {Julien} Pillet
80%
2012 Natation {Florent} Manaudou
78%
1984 | 1988 Escrime - Sabre {Jean-François} Lamour
76%
2008 | 2012 | 2020 Handball {Nikola} Karabatic
76%
1996 Escrime - Epée {Laura} Flessel (2 titres)
73%
2022 Biathlon {Quentin} Fillon Maillet (2 titres)
73%
2016 Escrime - Epée {Daniel} Jérent
71%
1972 Cyclisme - Piste {Daniel} Morelon
71%
1968 Cyclisme - Piste {Daniel} Morelon (2 titres)
71%
2008 | 2012 Handball {Daniel} Narcisse
71%
1968 Cyclisme - Piste {Daniel} Rebillard
71%
1968 Escrime - Fleuret {Daniel} Revenu
71%
1984 Football {Daniel} Xuereb
71%
1976 Athlétisme {Guy} Drut
71%
1984 Football {Guy} Lacombe
71%
2016 Aviron {Jérémy} Azou
71%
2012 Natation {Jérémy} Stravius
71%
2012 Athlétisme {Renaud} Lavillenie
71%
2020 Handball {Yann} Genty
71%
2012 Natation {Yannick} Agnel
71%
2016 Escrime - Epée {Yannick} Borel
71%
2020 Volleyball {Antoine} Brizard
69%
2006 Ski alpin {Antoine} Dénériaz
69%
2016 Judo {Emilie} Andéol
69%
2012 Canoë-kayak {Emilie} Fer
69%
2004 Gymnastique - Concours général {Emilie} Le Pensec
69%
2020 Judo {Guillaume} Chaie
69%
2022 Patinage artistique {Guillaume} Cizeron
69%
2008 | 2012 Handball {Guillaume} Gille
69%
2012 Handball {Guillaume} Joli
69%
2016 Equitation - Saut d'obstacle {Kevin} Staut
69%
2020 Volleyball {Kévin} Tillie
69%
2006 Biathlon {Vincent} Defrasne
69%
2020 Handball {Vincent} Gérard
69%
2010 Biathlon {Vincent} Jay
69%
2016 Boxe {Estelle} Mossely
67%
2020 Handball {Estelle} Nze Minko
67%
2020 Escrime - Epée {Romain} Cannone
67%
2020 Handball {Romain} Lagarde
67%
2020 Judo {Romane} Dicko
67%
2004 Equitation - concours complet {Didier} Courrèges
64%
2008 | 2012 Handball {Didier} Dinart
64%
1980 Escrime - Fleuret {Didier} Flament
64%
1984 Football {Didier} Sénac
64%
1988 Escrime - Epée {Jean-Michel} Henry
64%
2016 Escrime - Epée {Jean-Michel} Lucenay
64%
1996 Cyclisme - Piste {Jean-Michel} Monin
64%
1984 Football {Jean-Philippe} Rohr
64%
2020 Judo {Clarisse} Agbégnénou
62%
2012 Natation {Clément} Lefert
62%
2022 Ski alpin {Clément} Noël
62%
2010 Combiné nordique {Jason} Lamy-Chappuis
62%
2008 | 2012 Handball {Jérôme} Fernandez
62%
2004 | 2008 Escrime - Epée {Jérôme} Jeannet
62%
2012 Judo {Lucie} Décosse
62%
2020 Handball {Luka} Karabatic
62%
1980 | 1984 Escrime - Epée {Philippe} Boisse
62%
1980 Escrime - Fleuret {Philippe} Bonnin
62%
1996 Cyclisme - Piste {Philippe} Ermenault
62%
1984 Tir {Philippe} Heberlé
62%
1984 Football {Philippe} Jeannot
62%
1992 Escrime - Fleuret {Philippe} Omnès
62%
1980 | 1988 Escrime - Epée {Philippe} Riboud
62%
2016 Equitation - Saut d'obstacle {Philippe} Rozier
62%
2020 Volleyball {Stephen} Boyer
62%
2000 Boxe {Brahim} Asloum
60%
2002 Ski alpin {Carole} Montillet
60%
1996 | 2000 Cyclisme - Piste {Florian} Rousseau
60%
2000 Cyclisme - Piste {Laurent} Gané
60%
2000 Aviron {Laurent} Porchier
60%
1988 Judo {Marc} Alexandre
60%
1976 Equitation - Saut d'obstacle {Marc} Roguet
60%
2000 Aviron {Michel} Andrieux
60%
1984 Football {Michel} Bensoussan
60%
1984 Football {Michel} Bibard
60%
1976 Equitation - Saut d'obstacle {Michel} Roche
60%
1980 Escrime - Epée {Michel} Salesse
60%
2012 Handball {William} Accambray
60%
1984 Football {William} Ayache
60%
2012 Natation {Fabien} Gilot
58%
2020 Handball {Ludovic} Fabregas
58%
2022 Patinage artistique {Gabriella} Papadakis
56%
2000 Aviron {Jean-Christophe} Bette
56%
2000 Aviron {Jean-Christophe} Rolland
56%
1984 Football {Jean-Christophe} Thouvenel
56%
1984 Football {Jean-Louis} Zanon
56%
1996 Cyclisme - Route {Jeannie} Longo-Ciprelli
56%
1984 Football {José} Touré
56%
2018 Biathlon {Anaïs} Bescond
53%
1964 Ski alpin {François} Bonlieu
53%
1984 Football {François} Brisson
53%
2020 Aviron {Hugo} Boucheron
53%
2020 Handball {Hugo} Descat
53%
1964 | 1968 Ski alpin {Marielle} Goitschel
53%
2018 Biathlon {Simon} Desthieux
53%
1992 Biathlon {Anne} Briand
51%
2022 Biathlon {Justine} Braisaz-Bouchet
51%
2008 | 2012 | 2020 Handball {Michael} Guigou
51%
2008 Handball {Olivier} Girault
51%
1988 Escrime - Epée {Olivier} Lenglet
51%
2000 Escrime - Fleuret {Patrice} Lhôtellier
51%
2018 Ski acrobatique {Perrine} Laffont
51%
1992 Tir à l'arc {Sébastien} Flute
51%
2004 Aviron {Sébastien} Vieilledent
51%
2020 Handball {Valentin} Porte
51%
2008 Handball {Cédric} Burdet
49%
2004 Equitation - concours complet {Cédric} Lyard
49%
2008 Handball {Cédric} Paty
49%
2012 Handball {Cédric} Sorhaindo
49%
1996 Cyclisme - Piste {Christophe} Capelle
49%
2008 Handball {Christophe} Kempé
49%
2004 Escrime - Sabre {Damien} Touya
49%
1992 Ski acrobatique {Edgar} Grospiron
49%
1988 | 1992 Escrime - Epée {Eric} Srecki
49%
2014 Ski acrobatique {Jean-Frédéric} Chapuis
49%
1968 Equitation - concours complet {Jean-Jacques} Guyon
49%
1996 Judo {Marie-Claire} Restoux
49%
1984 Football {Dominique} Bijotat
47%
2012 Natation {Amaury} Leveaux
44%
2008 | 2012 Handball {Bertrand} Gille
44%
2020 Handball {Cléopâtre} Darleux
44%
1968 Athlétisme {Colette} Besson
44%
2006 Biathlon {Florence} Baverel-Robert
44%
2002 Patinage artistique {Gwendal} Peizerat
44%
1968 Escrime - Fleuret {Jacques} Dimont
44%
1964 Ski alpin {Christine} Goitschel
42%
1980 Escrime - Fleuret {Christine} Muzio
42%
2020 Volleyball {Earvin} Ngapeth
42%
1998 Snowboard {Karine} Ruby
42%
1996 Cyclisme - Piste {Nathalie} Even
42%
2012 Handball {Xavier} Barachet
42%
2000 Aviron {Xavier} Dorfman
42%
2004 Aviron {Adrien} Hardy
40%
1984 Football {Albert} Rust
40%
2020 Handball {Amandine} Leynaud
40%
2008 Cyclisme - BMX {Anne-Caroline} Chausson
40%
2020 Volleyball {Benjamin} Touti
40%
1968 Escrime - Fleuret {Christian} Noël
40%
1996 Judo {Djamel} Bouras
40%
1988 Escrime - Epée {Frédéric} Delpla
40%
1980 Escrime - Fleuret {Frédéric} Pietruszka
40%
2002 Snowboard {Isabelle} Blanc
40%
1980 Escrime - Fleuret {Isabelle} Boéri
40%
2020 Handball {Kentin} Mahé
40%
2012 Handball {Samuel} Honrubia
40%
2020 Handball {Chloé} Valentini
38%
2020 Handball {Dika} Mem
38%
2020 Aviron {Matthieu} Androdias
38%
1984 Football {Patrick} Garande
38%
1980 Escrime - Epée {Patrick} Picot
38%
1996 Escrime - Epée {Sophie} Moressée-Pichot
38%
2020 Handball {Alexandra} Lacrabère
36%
2020 Handball {Allison} Pineau
36%
2004 Equitation - concours complet {Arnaud} Boiteau
36%
2000 Cyclisme - Piste {Arnaud} Tournant
36%
1992 Judo {Catherine} Fleury
36%
1992 Judo {Cécile} Nowak
36%
2016 Voile - Planche à voile {Charline} Picon
36%
2016 Canoë-kayak {Denis} Gargaud Chanut
36%
1992 Combiné nordique {Fabrice} Guy
36%
2004 | 2008 Escrime - Epée {Fabrice} Jeannet
36%
2002 Patinage artistique {Marina} Anissina
36%
2020 Handball {Rémi} Desbonnet
36%
2016 Equitation - Saut d'obstacle {Roger-Yves} Bost
36%
2000 | 2004 Escrime - Fleuret {Brice} Guyart
33%
1980 Escrime - Fleuret {Bruno} Boscherie
33%
1992 Biathlon {Corinne} Niogret
33%
1996 | 2000 Cyclisme - Piste {Félicia} Ballanger
33%
1996 Canoë-kayak {Franck} Adisson
33%
1992 Voile - Planche à voile {Franck} David
33%
2000 Tir {Franck} Dumoulin
33%
1988 Ski alpin {Franck} Piccard
33%
1988 Voile {Jean-Yves} Le Déroff
33%
2016 Equitation - concours complet {Mathieu} Lemoine
33%
1980 Escrime - Fleuret {Pascal} Jolyot
33%
2020 Handball {Pauline} Coatanea
33%
2020 Volleyball {Trévor} Clévenot
33%
2020 Handball {Béatrice} Edwige
31%
2020 Escrime - Fleuret {Maxime} Pauty
31%
2020 Handball {Melvyn} Richardson
31%
2020 Handball {Nedim} Remili
31%
2000 Aviron {Yves} Hocdé
31%
1992 Voile {Yves} Loday
31%
2020 Escrime - Fleuret {Enzo} Lefort
29%
1968 Escrime - Fleuret {Gilles} Berolatti
29%
1972 Voile {Serge} Maury
29%
2020 Karaté {Steven} Da Costa
29%
2020 Escrime - Fleuret {Erwann} Le Péchoux
27%
2020 Handball {Grâce} Zaadi
27%
2008 Handball {Joël} Abati
27%
1980 Escrime - Fleuret {Véronique} Brouquier
27%
1992 Biathlon {Véronique} Claudel
27%
2020 Judo {Axel} Clerget
24%
2008 | 2012 Handball {Daouda} Karaboué
24%
2004 Escrime - Epée {Hugues} Obry
24%
1976 Equitation - Saut d'obstacle {Marcel} Rozier
24%
1996 Escrime - Epée {Valérie} Barlois
24%
2020 Volleyball {Barthélémy} Chinenyeze
22%
2004 Canoë-kayak {Benoît} Peschier
22%
1996 Cyclisme - Piste {Francis} Moreau
20%
1976 Equitation - Saut d'obstacle {Huber} Parot
20%
2020 Volleyball {Jenia} Grebennikov
20%
2016 Equitation - Saut d'obstacle {Pénélope} Leprevost
20%
2020 Judo {Sarah-Léonie} Cysique
20%
2008 Lutte gréco-romaine {Steeve} Guénot
20%
2020 Handball {Coralie} Lassource
18%
2004 Escrime - Sabre {Gaël} Touya
18%
2016 Escrime - Epée {Gauthier} Grumier
18%
2020 Handball {Méline} Nocandy
18%
1980 Escrime - Fleuret {Pascale} Trinquet (2 titres)
18%
2020 Handball {Pauletta} Foppa
18%
2000 Judo {Séverine} Vandenhende
18%
2020 Volleyball {Yacine} Louati
18%
1980 Judo {Angelo} Parisi
16%
2020 Handball {Blandine} Dancette
16%
2016 Equitation - concours complet {Karim} Laghouag
16%
2000 Cyclisme - VTT {Miguel} Martinez
16%
2020 Handball {Océane} Sercien-Ugolin
16%
2016 Equitation - concours complet {Thibaut} Valette
16%
1980 Escrime - Fleuret {Brigitte} Gaudin
13%
2020 Volleyball {Daryl} Bultor
13%
2000 Escrime - Fleuret {Lionel} Plumenail
13%
2004 Voile - Planche à voile {Faustine} Merret
11%
1980 Escrime - Epée {Hubert} Gardas
11%
2000 Escrime - Fleuret {Jean-Noël} Ferrari
11%
1996 Canoë-kayak {Wilfrid} Forgues
11%
2008 Escrime - Sabre {Boris} Sanson
9%
2008 Escrime - Epée {Ulrich} Robeiri
9%
2004 Escrime - Epée {Erik} Boisse
7%
2020 Handball {Timothey} N'Guessan
7%
2020 Handball {Kalidiatou} Niakaté
4%
2020 Volleyball {Nicolas) Le Goff
0%
Aucun quiz correspondant
Distribution des résultats
% des personnes avec chaque résultat
Percentile par nombre de réponses
Votre historique - résultats
Vous n’avez pas pris ce quiz